000 00432cam a2200169ua 4500
020 _c4.00
041 _amal
_h
082 _a334.01
_bKUN/SA
100 _aKunhayyappan, T.K .
245 _aSahakaranam -Sidhanthavum Prayogavum /
_cT.K.Kunhayyappan.
_hTextual Documents
260 _aThrissur :
_bMangalodhayam pvt Ltd ,
_c1959.
300 _a293 ; .
365 _a4.00
504 _a
942 _cBK
999 _c914
_d914